000 00855cam a22002174a 4500
005 20250605164211.0
008 250528s ||||||||||||||||||||||||d
035 _a20243
020 _a9607012887
040 _aGR-AtMCL
_bgre
_dGR-AtMCL
_eAACR2
245 1 _aΑγγλοελληνικό και Ελληνοαγγλικό λεξικό Business Επιχειρησιακής Ορολογίας
260 _c2008
300 _a994
520 _aΑπαραίτητο εγχειρίδιο για όσους απασχολούνται στον χώρο των επιχειρήσεων, φοιτητές και Ακαδημαικούς.
700 1 _aΓαλάνης Χρήστος
_96267
700 1 _aΜιχάλη Σιδέρη
_96268
700 1 _aΧριστοδουλάκης Ηλίας
_96269
942 _cBK
999 _c5376
_d5376